000 00484nam a2200181Ia 4500
008 260330s2025 xx 000 0 und d
020 _a978-93-5424-578-7
041 _aeng
082 _a5.276
_bBMJ
100 _aBURD,BARRY/MUELLER,J.P.
245 _aANDROID APPLICATION DEVELOPMENT ALL IN ONE
250 _a3RD
260 _bWILEY INDIA NEW DELHI
_c2025
300 _aXV/782Pg
_bPB
365 _cRs.
650 _aMobile App Development
700 _aBURD,BARRY/MUELLER,J.P.
999 _c1218580
_d1218580